000 00430cam a2200181ua 4500
020 _c6.00
041 _aeng
_h
082 _a614.4
_bZHD/EP
100 _aZhdanov, V .
245 _aEpidemiology /
_cV Zhdanov.
_hTextual Documents
250 _a1 /
_b.
260 _aMoscow :
_bForeign Language Publishing House ,
_c1955.
300 _a347 ; .
365 _a6.00
504 _a
942 _cBK
999 _c10643
_d10643